000 00289nam a22001337a 4500
008 170504b xxu||||| |||| 00| 0 eng d
020 _a9780495092131
041 _aeng
080 _a343.9
100 _a15
101 _aSHJ
245 _aORGANIZED CRIME
_cABADINSKY, H
942 _2udc
_cBK
999 _c12718
_d12718